|
|
|
|
| LEADER |
00000nam0a2200000 4500 |
| 001 |
295953 |
| 005 |
20231102000847.0 |
| 035 |
|
|
|a (RuTPU)RU\TPU\book\321045
|
| 090 |
|
|
|a 295953
|
| 100 |
|
|
|a 20150526d1982 km y0rusy50 ca
|
| 101 |
0 |
|
|a rus
|
| 102 |
|
|
|a RU
|
| 105 |
|
|
|a y z 001zy
|
| 200 |
1 |
|
|a Математика и современность
|f М. М. Лесохин, А. И. Поволоцкий
|g Ленинградская организация общества "Знание" РСФСР
|
| 210 |
|
|
|a Ленинград
|c Знание
|d 1982
|
| 215 |
|
|
|a 32 с.
|
| 225 |
1 |
|
|a В помощь лектору
|
| 320 |
|
|
|a Библиогр.: с. 32
|
| 606 |
1 |
|
|a Математика
|2 stltpush
|3 (RuTPU)RU\TPU\subj\67327
|9 83171
|
| 610 |
1 |
|
|a научно-технический прогресс
|
| 610 |
1 |
|
|a ускорение
|
| 610 |
1 |
|
|a вычислительные машины
|
| 610 |
1 |
|
|a применение
|
| 610 |
1 |
|
|a математическая лингвистика
|
| 610 |
1 |
|
|a математическая экономика
|
| 610 |
1 |
|
|a оптимальное управление
|
| 610 |
1 |
|
|a квантовая механика
|
| 675 |
|
|
|a 51
|v 4
|
| 700 |
|
1 |
|a Лесохин
|b М. М.
|g Михаил Моисеевич
|
| 701 |
|
1 |
|a Поволоцкий
|b А. И.
|g Абрам Исаакович
|
| 712 |
0 |
2 |
|a Ленинградская организация общества "Знание" РСФСР
|2 stltpush
|3 (RuTPU)RU\TPU\col\13665
|9 25742
|
| 801 |
|
1 |
|a RU
|b 63413507
|c 20150526
|
| 801 |
|
2 |
|a RU
|b 63413507
|c 20170109
|g RCR
|
| 942 |
|
|
|c BK
|